The Temple road : (Record no. 137276)

MARC details
000 -LEADER
fixed length control field 00560nam a22001937a 4500
005 - DATE AND TIME OF LATEST TRANSACTION
control field 20170127143537.0
010 ## - LCCN (DPL NO)
LC control number ENG-117195
020 ## - INTERNATIONAL STANDARD BOOK NUMBER
International Standard Book Number 9789386050821
Terms of availability 450.00
035 ## - SYSTEM CONTROL NUMBER
System control number EN-100727
037 ## - SOURCE OF ACQUISITION
Source of stock number/acquisition DBAD/PUB
082 ## - DEWEY DECIMAL CLASSIFICATION NUMBER
Classification number 910.4
100 ## - MAIN ENTRY--PERSONAL NAME
Personal name Fazlur Rahman
245 ## - TITLE STATEMENT
Title The Temple road :
Statement of responsibility, etc by Fazlur Rahman
Remainder of title a Doctor's journey /
260 ## - PUBLICATION, DISTRIBUTION, ETC. (IMPRINT)
Place of publication, distribution, etc New Delhi
Name of publisher, distributor, etc Speaking Tieger
Date of publication, distribution, etc 2016
270 ## - ADDRESS
Address 4381/4, Ansari Road, Daryaganj
City New Delhi
Postal code 110002
300 ## - PHYSICAL DESCRIPTION
Extent 304p.
Other physical details 22cm(Hb)
700 ## - ADDED ENTRY--PERSONAL NAME
Personal name Pinto,Jerry
942 ## - ADDED ENTRY ELEMENTS (KOHA)
Source of classification or shelving scheme Dewey Decimal Classification
Item type English Books
Classification part 910.4
Call number suffix FAZ
Holdings
Withdrawn status Lost status Not for loan Collection code Home library Current library Date acquired Source of acquisition Cost, normal purchase price Full call number Barcode Copy number Cost, replacement price Koha item type
      Non-fiction Shahdara Branch Shahdara Branch 27/01/2017 DBAD/PUB 450.00 910.4 FAZ EN-100727 1 450.00 English Books

© Delhi Public Library
Hit Counter
free hit counter